| 000 -LEADER |
| fixed length control field |
01069cam a22002774a 4500 |
| 001 - CONTROL NUMBER |
| control field |
12085399 |
| 005 - DATE AND TIME OF LATEST TRANSACTION |
| control field |
20180129072143.0 |
| 008 - FIXED-LENGTH DATA ELEMENTS--GENERAL INFORMATION |
| fixed length control field |
000629s2001 flua b 001 0 eng |
| 010 ## - LIBRARY OF CONGRESS CONTROL NUMBER |
| LC control number |
00058393 |
| 020 ## - INTERNATIONAL STANDARD BOOK NUMBER |
| International Standard Book Number |
0929895428 |
| 040 ## - CATALOGING SOURCE |
| Original cataloging agency |
DLC |
| Transcribing agency |
DLC |
| Modifying agency |
DLC |
| 041 ## - LANGUAGE CODE |
| Language code of text/sound track or separate title |
eng |
| 042 ## - AUTHENTICATION CODE |
| Authentication code |
pcc |
| 043 ## - GEOGRAPHIC AREA CODE |
| Geographic area code |
n-us--- |
| 080 ## - UNIVERSAL DECIMAL CLASSIFICATION NUMBER |
| Universal Decimal Classification number |
372.623044 sus |
| 082 00 - DEWEY DECIMAL CLASSIFICATION NUMBER |
| Classification number |
372.623044 sus |
| Edition number |
21 |
| 100 1# - Rafti |
| Rafti |
46 |
| 101 ## - Shkurtesa |
| Shkurtesa |
edu |
| 245 14 - TITLE STATEMENT |
| Title |
The roadmap to schoolwide writing success / |
| Statement of responsibility, etc |
Susan A. Miller, Margaret Conrad Nickell. |
| 246 3# - VARYING FORM OF TITLE |
| Title proper/short title |
Road map to schoolwide writing success |
| 246 0# - VARYING FORM OF TITLE |
| Display text |
Subtitle on cover: |
| Title proper/short title |
Guidebook for K-8 administrators |
| 504 ## - BIBLIOGRAPHY, ETC. NOTE |
| Bibliography, etc |
Includes bibliographical references (p. 83-84) and index. |
| 906 ## - LOCAL DATA ELEMENT F, LDF (RLIN) |
| a |
7 |
| b |
cbc |
| c |
orignew |
| d |
1 |
| e |
ocip |
| f |
20 |
| g |
y-gencatlg |
| 942 ## - ADDED ENTRY ELEMENTS (KOHA) |
| Source of classification or shelving scheme |
|
| Item type |
Books |